| 000 | 00429nam a2200193Ia 4500 | ||
|---|---|---|---|
| 003 | OSt | ||
| 005 | 20251111125136.0 | ||
| 008 | 250729s2005 xx 000 0 und d | ||
| 020 | _a978-0761994916 | ||
| 040 | _cAL | ||
| 041 | _aeng | ||
| 082 | _a158.1 JOSB | ||
| 100 |
_aJoshi J C _9224237 |
||
| 245 | _aBody language | ||
| 260 |
_aNew Delhi _c2005 |
||
| 300 | _a103p | ||
| 650 |
_aPsychology _9224238 |
||
| 942 |
_2ddc _cBED |
||
| 999 |
_c236310 _d236310 |
||